000 00741nam a2200181 a 4500
008 160202s2013 ||||||||||||||||| || u
020 _a9780123971531
050 _aRC 662 Bio
100 _aWatson, Ronald Ross
245 1 0 _aBioactive food as dietary interventions for diabetes
_cEdited By Ronald Ross Watson and Victor R. Preedy
260 _aBoston:
_bAcademic Press/Elsevier
_c2013
300 _axxiv, 633p.: ill.
350 _a129.95
650 _aDIABETES--DIET THERAPY
650 _aDIABETES--NUTRITIONAL ASPECTS
650 _aBIOACTIVE COMPOUNDS
995 _aMEDICAL LIBRARY OPEN ACCESS
_e903357
_FCBU-SCHOOL OF MEDICINE LIBRARY (Ndola)
_I129.95
_jRC 662 Bio
_M1
_UAVAILABLE
_WFeb 4, 2016
_y903357
_ZMedical Library Open Access Collection
999 _c30855
_d30855